Statystyki dla Najlepsi strzelcy premier league 2016/2017

Kliknij tutaj aby rozwiązać quiz!

Ogólne statystyki

  • Ten quiz został rozwiązany 152 razy
  • Średni wynik to 6 z 7

Statystyki odpowiedzi

goleklubkrajpiłkarz% Poprawnych
29TottenhamAngliaHarry Kane
100%
20Man CityArgentynaSergio Aguero
99%
25ArsenalChileAlexis Sanchez
96%
25EvertonBelgiaRomelu Lukaku
94%
17Man UtdSzwecjaZlatan Ibrahimovic
94%
20ChelseaHiszpaniaDiego Costa
81%
18TottenhamAngliaDelle Alli
79%

Rozkład punktacji

Percentyl według liczby udzielonych odpowiedzi

Procent ludzi z każdym wynikiem

Twoja historia wyników

Nie rozwiązałeś tego quizu